LIBRARY & INFORMATION CENTRE, KCAET, TAVANUR

ONLINE PUBLIC ACCESS CATALOGUE (OPAC)

Food and Nutritional Security By Sustainable Agriculture: Methods to Attain and Sustain (Record no. 14349)

MARC details
000 -LEADER
fixed length control field 00435nam a22001457a 4500
020 ## - INTERNATIONAL STANDARD BOOK NUMBER
ISBN 9789383305049
082 ## - DEWEY DECIMAL CLASSIFICATION NUMBER
Classification number 664
Item number MIS/FO
245 ## - TITLE STATEMENT
Title Food and Nutritional Security By Sustainable Agriculture: Methods to Attain and Sustain
260 ## - PUBLICATION, DISTRIBUTION, ETC. (IMPRINT)
Place of publication New Delhi
Name of publisher New India Publishing Agency
Year of publication 2014
300 ## - PHYSICAL DESCRIPTION
Number of Pages 477
700 ## - ADDED ENTRY--PERSONAL NAME
Personal name Mishra, Brijesh Kumar
700 ## - ADDED ENTRY--PERSONAL NAME
Personal name Sunil Kumar
700 ## - ADDED ENTRY--PERSONAL NAME
Personal name Tiwari, Jagesh Kumar
942 ## - ADDED ENTRY ELEMENTS (KOHA)
Koha item type Books
Holdings
Withdrawn status Lost status Damaged status Collection code Home library Current library Shelving location Date acquired Source of acquisition Cost, normal purchase price Full call number Accession Number Koha item type
        KAUAET KAUAET General Stacks 21/06/2016 Ganesh Book Centre Trivandrum 2450.00 664 MIS/FO 24586 Books
        KAUAET KAUAET General Stacks 28/07/2016   2450.00 664 MIS/FO 24897 Books
free website counter